Begins and Ends with 'S' Quiz Stats

 Plays Quiz Updated Sep 19, 2018

Score 0/16 Timer 04:00
0 Plays Today
Hint Answer % Correct
Protective eyewear against ultraviolet (UV) raysSunglasses
89.7%
Kris Kringle is commonly known as...Santa Claus
88.3%
A brief overview of novel, picture, play, or movieSynopsis
86.5%
Chewy fruit flavoured sweets whose slogan is 'Taste the Rainbow'Skittles
86.3%
A dressmaker, tailor, or someone who sews for a livingSeamstress
81.8%
Flight attendants have historically been known as...Stewardess
78.7%
US city with famous archSt. Louis
74.9%
What you call someone who carries a rabbits footSuperstitious
71.6%
Hint Answer % Correct
American Revolutionary war figure also a brand of The Boston Beer CompanySamuel Adams
68.9%
One of the 5 basic tastes or the nickname for Walter Payton Sweetness
56.2%
Popular retail store and auto centerSears
54.8%
NFC West Football teamSeahawks
54.4%
Makers of Ginger AleSeagrams
49.3%
The brightest star in the night skySirius
31.2%
In Greek mythology; he was forced to roll a stone up a hill for eternitySisyphus
21.8%
UK TV series or a Billy Joel song later covered by Garth BrooksShameless
7.5%

You're not logged in!

Compare scores with friends on all Sporcle quizzes.
OR
Log In

Sporcle TV

Today on Sporcle TV


Watch our educational content, quiz creation guides, and fun videos on Sporcle TV.

Show Comments

Extras

Top Quizzes Today


Score Distribution

Your Account Isn't Verified!

In order to create a playlist on Sporcle, you need to verify the email address you used during registration. Go to your Sporcle Settings to finish the process.

Report this User

Report this user for behavior that violates our Community Guidelines.

Details: